00153nam a22000737a 4500082001200000100001700012245003500029650001500064 a519 pil apILLAI,r.s.n aStatistics Theory and Practice astatistics